Derecho penal

Na minha lista:
Detalhes bibliográficos
Autor principal: Labatut Glena, Gustavo (Author)
Formato: Livro
Idioma:espanhol
Publicado em: Santiago Jurídica de Chile 1954
Edição:2a. ed
Colecção:Estudios Jurídicos y Sociales, 15, 28
Assuntos:
Tags: Adicionar Tag
Sem tags, seja o primeiro a adicionar uma tag!

MARC

LEADER 00000cam a2200000 a 4500
001 UCY0501
003 CL-VaPUC
008 940803e19540000CL |||||||||||||||||spa|d
082 0 4 |a 345.83  |b LAB  |2 21 
100 |a Labatut Glena, Gustavo  |e author  |9 523836 
245 1 0 |a Derecho penal 
250 |a 2a. ed 
300 |a 2 v 
942 |c BK 
945 |d 19940803 00:00:00  |a aalvarez 
260 |a Santiago  |b Jurídica de Chile  |c 1954 
500 |a v.1: Parte general 
500 |a v.2: Parte especial 
650 7 |a DERECHO PENAL  |2 CL-VaPUC  |9 11 
651 7 |a CHILE  |2 CL-VaPUC  |9 328241 
583 |a last modification  |c 20180102 03:58:28  |k Rodrigo Vera 
490 0 |a Estudios Jurídicos y Sociales, 15, 28 
999 |c 229490  |d 229488 
952 |0 0  |1 0  |3 erb  |4 0  |6 345_830000000000000_LAB_1954  |7 0  |8 A  |9 230694  |a BIBDER  |b BIBDER  |h v.2  |i 531304K  |o 345.83 LAB 1954  |p 531304K  |r 2023-01-25  |w 2019-11-15  |y BK  |z Catalogado en:20160717  |k DER